Countries by Projected 21st-Century Population Decline with Exceptions - Statistics

General Stats
  • This quiz has been taken 263 times
  • The average score is 11 of 14
Answer Stats
Projected Percentage Loss
(2000-2100)
Projected Numeric Loss
(2000-2100)
Continent
Answer % Correct
-49.6% -630,699,000 Asia China
97%
-39.3% -49,877,000 Asia Japan
97%
-52.8% -24,622,000 Asia South Korea
95%
-5.1% -8,889,000 South America Brazil
89%
-12.4% -1,904,000 South America Chile
87%
-56.7% -12,206,000 Asia Taiwan
85%
-30.8% -1,004,000 South America Uruguay
84%
-52% -26,000 Oceania Marshall Islands
79%
-42.1% -8,000 Oceania Palau
78%
-17% -4,011,000 Asia North Korea
77%
-27% -16,949,000 Asia Thailand
70%
-6.9% -31,000 Africa Cape Verde
60%
-51.7% -626,000 Africa Mauritius
60%
-32.2% -1,415,000 Asia Georgia
50%
No matching quizzes found
Score Distribution
Percent of People with Each Score
Percentile by Number Answered
Your Score History
You have not taken this quiz